[Event "POL MP 47th corr"]
[Site "Poland"]
[Date "2004.01.15"]
[Round "?"]
[White "Baranowski, Tadeusz"]
[Black "Gniazdowski, Marian"]
[Result "1-0"]
[WhiteElo "2425"]
[BlackElo "2382"]
[PlyCount "77"]
[EventDate "2004.01.15"]
[EventType "tourn (corr)"]
[EventRounds "13"]
[EventCountry "POL"]
[SourceTitle "Corr 2008"]
[Source "ChessBase"]
[SourceDate "2008.06.24"]
[SourceVersion "1"]
[SourceVersionDate "2008.06.24"]
[SourceQuality "1"]

1. e4 c5 2. Nf3 d6 3. d4 cxd4 4. Nxd4 Nf6 5. Nc3 g6 6. Be3 Bg7 7. f3 0-0 8. Qd2 Nc6 9. 0-0-0 d5 10. exd5 Nxd5 11. Nxc6 bxc6 12. Nxd5 cxd5 13. Qxd5 Qc7 14. Qc5 Qb7 15. b3 Bf5 16. Bd3 Rfc8 17. Qa5 Bxd3 18. Rxd3 Qc6 19. c4 Qf6 20. Bd4 Qd6 21. Qd2 Rd8 22. Rd1 Qxh2 23. Bg1 Rxd3 24. Bxh2 Rxd2 25. Kxd2 Kf8 26. Kc2 Ke8 27. b4 Rc8 28. Kb3 h5 29. b5 e6 30. a4 Bf8 31. a5 Bc5 32. Bd6 Rd8 33. Bxc5 Rxd1 34. Bxa7 Rb1+ 35. Kc2 Rb4 36. Kc3 Rb1 37. a6 Kd7 38. Kd4 g5 39. Kc5 1-0

[Event "POL MP 47th corr"]
[Site "Poland"]
[Date "2004.01.15"]
[Round "?"]
[White "Gniazdowski, Marian"]
[Black "Chomicki, Henryk"]
[Result "1/2-1/2"]
[WhiteElo "2382"]
[BlackElo "2297"]
[PlyCount "119"]
[EventDate "2004.01.15"]
[EventType "tourn (corr)"]
[EventRounds "13"]
[EventCountry "POL"]
[SourceTitle "Corr 2008"]
[Source "ChessBase"]
[SourceDate "2008.06.24"]
[SourceVersion "1"]
[SourceVersionDate "2008.06.24"]
[SourceQuality "1"]

1. c4 Nf6 2. d4 e6 3. Nc3 Bb4 4. Qc2 0-0 5. a3 Bxc3+ 6. Qxc3 b6 7. Bg5 Bb7 8. f3 h6 9. Bh4 d5 10. Rc1 dxc4 11. e3 Ne4 12. Bxd8 Nxc3 13. Be7 Re8 14. Rxc3 Rxe7 15. Bxc4 Nd7 16. Ne2 e5 17. b4 exd4 18. Nxd4 Ne5 19. Be2 a5 20. b5 Rc8 21. Kf2 Nd7 22. Rd1 Nc5 23. Rc2 Rce8 24. e4 g6 25. Ke1 Rd7 26. Rcd2 Red8 27. g3 Kf8 28. h3 Ke8 29. h4 Ne6 30. Nxe6 fxe6 31. Rxd7 Rxd7 32. Rc1 e5 33. Kf2 Kd8 34. Ke3 Ke7 35. f4 Kf6 36. h5 Re7 37. Bf3 g5 38. f5 Rd7 39. Be2 Ba8 40. g4 Bb7 41. Bc4 Rd4 42. Bd3 Rd7 43. Bb1 Ke7 44. Rc4 Kd8 45. Bc2 Rd6 46. Ba4 Kd7 47. Rc3 Kd8 48. Bb3 Bc8 49. Bd5 Bd7 50. a4 Be8 51. Rc2 Bd7 52. Kf3 Be8 53. Rc1 Bd7 54. Rc3 Rf6 55. Ke3 Rd6 56. Rc4 Rf6 57. Rc1 Rd6 58. Rc2 Rf6 59. Ke2 Rd6 60. Rc1 1/2-1/2